000 01258nam0a2200373 4500
001 RU\NLR\bibl\328795
005 20260406063539.0
010 _a5-88503-047-2
_97000
021 _aRU
_b2002-35192
_91717
035 _a(NLR Aleph) 000323773
090 _a113706
_c113706
100 _a20021016d2002 |||y0rusy50 ca
101 0 _arus
102 _aRU
105 _ay |||||||||
200 1 _aБолезни настроения
_fВ. Д. Вид
210 _aМ.
_aСПб.
_cДиля
_d2002
215 _a156 с.
_d20
225 1 _aСерия "Психолог советует"
300 _aВ вып. дан. авт.: Абабкин Виктор Давыдович
606 0 _aНастроение
_xПатологические изменения
_92268116
_3RU\NLR\auth\661359551
610 0 _aПсихотерапия
675 _a616.89-008.454
_v3
_zrus
686 _a76.29
_2rugasnti
686 _a56.12
_2rubbk
686 _aР64-323.1
700 1 _4070
_8rus
_7ca
_aВид
_bВ. Д.
_gВиктор Давыдович
_3RU\NLR\auth\7713534
_9123222
801 0 _aRU
_bRKP
_c20021016
_gPSBO
801 1 _aRU
_bRKP
_c20021016
801 2 _aRU
_bNLR
_c20021217
_grcr
830 _aАвт. по кн.
942 _cBOOK
980 _aNB